000 00498nam a22001697a 4500
005 20251108174747.0
008 250721s2008 xx 000 0 ara d
082 1 4 _a411.4/برغ
100 1 _aالبرغوثي، بشير
245 1 0 _aألف ياء الخط العربي /
264 1 _aعمان :
_bالطريق للنشر والتوزيع،
_c2008.
300 _a80ص.
650 1 7 _aالخط العربي
650 1 7 _aالكتابة العربية
942 _2ddc
_cBK
999 _c117336
_d117336